KOHA-Header-6

Khalifa Mamoon Ur Rasheed (Record no. 12863)

000 -LEADER
fixed length control field 00247nam a22001097a 4500
082 ## - DEWEY DECIMAL CLASSIFICATION NUMBER
Classification number 297.61
100 ## - MAIN ENTRY--AUTHOR NAME
Personal name Maulana Shibli Nomani
245 ## - TITLE STATEMENT
Title Khalifa Mamoon Ur Rasheed
260 ## - PUBLICATION, DISTRIBUTION, ETC. (IMPRINT)
Place of publication Pakistan
Name of publisher Kitab Mela
Year of publication 2018
300 ## - PHYSICAL DESCRIPTION
Number of Pages 248 pages
942 ## - ADDED ENTRY ELEMENTS (KOHA)
Koha item type Books
Holdings
Withdrawn status Lost status Collection code Permanent Location Current Location Shelving location Date acquired Full call number Accession Number Koha item type
    Islamic Personalities Biographies MAJU MAJU   2020-12-21 297.61 9974 Islamic Personalities Biographies

Powered by Koha